US Staat nach Flagge #2 - Statistiken

Allgemein
  • Dieses Quiz wurde 61 mal gespielt
  • Das Durchschnittsergebnis liegt bei 9 aus 10
Antwortstatistiken
Bildquiz Antwort % Korrekt
Iowa
100%
North Dakota
100%
South Dakota
100%
Maine
88%
North Carolina
88%
Virginia
88%
Wyoming
82%
Arizona
75%
West Virginia
75%
South Carolina
54%
Keine übereinstimmenden Quizze gefunden
Verteilung der Resultate
Anzahl Personen mit jedem Resultat
Perzentil nach korrekt beantworteten Fragen
Ihre Resultats-Entwicklung
Sie haben dieses Quiz noch nicht gespielt